[Event "Let's Play Chess!"]
[Site "http://www.queenalice.com/game.php?id=1484829"]
[Date "2017.7.5"]
[Round "-"]
[White "joao37"]
[Black "igorjava"]
[Result "0-1"]
[WhiteElo "1388"]
[BlackElo "1979"]

1. e4 c5 2. Nc3 Nc6 3. Nf3 d6 4. Be2 Nf6 5. O-O e6 6. d3 Be7 7. Nh4 h6 8. Be3 a6
9. a3 b5 10. Bf3 Ne5 11. Be2 O-O 12. d4 b4 13. axb4 Ned7 14. bxc5 dxc5 15. d5
exd5 16. exd5 Nb6 17. b3 Nbxd5 18. Nf5 Bxf5 19. Na4 Nxe3 20. fxe3 Qxd1 21. Bxd1
Be4 22. Nb6 Ra7 23. Nc4 Nd5 24. Ne5 Nc3 25. Bh5 g6 26. Bxg6 fxg6 27. Nf3 Bxc2
28. Ne5 Bd6 29. Nxg6 Bxg6 30. Rxf8+ Kxf8 31. Rf1+ Kg7 32. h4 Bg3 33. Rc1 Ne2+
34. Kf1 Nxc1 0-1

[Event "AUTO-OPEN-3826"]
[Site "http://www.queenalice.com/game.php?id=1486534"]
[Date "2017.7.18"]
[Round "1"]
[White "clovis"]
[Black "joao37"]
[Result "1-0"]
[WhiteElo "2019"]
[BlackElo "1421"]

1. e4 d5 2. exd5 Nf6 3. Nc3 c6 4. dxc6 Nxc6 5. Bb5 a6 6. Bxc6+ bxc6 7. d3 e5 8.
Bg5 Be7 9. Nf3 Nd5 10. Bxe7 Qxe7 11. Nxd5 cxd5 12. O-O O-O 13. Re1 Bg4 14. h3
Bxh3 15. gxh3 e4 16. dxe4 dxe4 17. Qd4 Rae8 18. Re3 f5 19. Nd2 f4 20. Rxe4 Qg5+
21. Kh2 Rd8 22. Qc4+ Kh8 23. Rg1 Qh4 24. Qe2 f3 25. Qe3 Rb8 26. Qd4 Rbd8 27.
Rxh4 Rxd4 28. Rxd4 g6 29. Rg3 Re8 30. Rxf3 Kg7 31. Rd7+ Kh6 32. Rff7 Re2 33. Nf3
Rxf2+ 34. Kg3 Rxc2 35. Rxh7# 1-0

[Event "AUTO-OPEN-3826"]
[Site "http://www.queenalice.com/game.php?id=1486535"]
[Date "2017.7.18"]
[Round "1"]
[White "joao37"]
[Black "clovis"]
[Result "0-1"]
[WhiteElo "1400"]
[BlackElo "2031"]

1. d4 d5 2. Nf3 Nf6 3. e3 Bf5 4. Nc3 e6 5. Nh4 Bd6 6. Nxf5 exf5 7. Bd3 f4 8.
Bb5+ c6 9. Ba4 fxe3 10. Bxe3 O-O 11. Qf3 Re8 12. O-O Nbd7 13. Qg3 Bxg3 14. fxg3
Rxe3 15. Rae1 Rxe1 16. Rxe1 Qb6 17. Ne2 Qxb2 18. Bb3 Re8 19. Kf2 Ne4+ 20. Ke3
Nxg3+ 21. Kf2 Nxe2 22. Rxe2 Qxd4+ 23. Ke1 Rxe2+ 24. Kxe2 Nc5 25. c3 Qe4+ 26. Kf2
Nd3+ 27. Kg3 Qf4+ 28. Kh3 h5 29. g3 Qf1+ 30. Kh4 Qf5 31. Bc2 Qg4# 0-1

[Event "AUTO-OPEN-3826"]
[Site "http://www.queenalice.com/game.php?id=1486562"]
[Date "2017.7.18"]
[Round "1"]
[White "Wecker"]
[Black "joao37"]
[Result "1-0"]
[WhiteElo "1765"]
[BlackElo "1411"]

1. e4 e5 2. Nc3 Nf6 3. Bc4 c6 4. Nf3 Ng4 5. d4 d6 6. h3 Nf6 7. Bg5 b5 8. Bd3 b4
9. Ne2 Be7 10. dxe5 dxe5 11. Nxe5 Nxe4 12. Bxe7 Qxe7 13. Bxe4 Qxe5 14. Qd3 O-O
15. Bxh7+ Kh8 16. O-O-O Ba6 17. Qd4 Qxe2 18. Qh4 b3 19. Bd3+ Kg8 20. Qh7# 1-0

[Event "AUTO-OPEN-3826"]
[Site "http://www.queenalice.com/game.php?id=1486563"]
[Date "2017.7.18"]
[Round "1"]
[White "joao37"]
[Black "Wecker"]
[Result "0-1"]
[WhiteElo "1413"]
[BlackElo "1761"]

1. d4 f5 2. e3 Nf6 3. Nc3 d5 4. Bd3 Nc6 5. Nf3 g6 6. Nh4 e5 7. Nxf5 Bxf5 8. Bb5
exd4 9. exd4 Qd6 10. Bg5 O-O-O 11. O-O Bg7 12. Qf3 Nxd4 13. Qxd5 Nxd5 14. Bxd8
Rxd8 15. Bc4 Nxc3 16. bxc3 Nxc2 17. Rfd1 Qxd1+ 18. Rxd1 Rxd1+ 19. Bf1 Bd3 20. h3
Rxf1+ 21. Kh2 Rxf2 22. Kg3 Re2 23. h4 Bxc3 0-1

[Event "AUTO-OPEN-3826"]
[Site "http://www.queenalice.com/game.php?id=1486582"]
[Date "2017.7.18"]
[Round "1"]
[White "joao37"]
[Black "Lopesq"]
[Result "0-1"]
[WhiteElo "1396"]
[BlackElo "1876"]

1. d4 d5 2. e3 c6 3. Nf3 Bf5 4. Nh4 Bg6 5. Nxg6 hxg6 6. Bd3 e6 7. O-O Qh4 8. h3
Nf6 9. Qf3 Nbd7 10. Qf4 Qxf4 11. exf4 Bd6 12. Nc3 a6 13. Be3 c5 14. dxc5 Bxc5
15. Bd2 b5 16. Bxb5 axb5 17. Nxb5 O-O 18. Nc7 Rac8 19. Na6 Bb6 20. Bb4 Rfe8 21.
c3 Ne4 22. Rad1 Ra8 23. c4 Bxf2+ 24. Kh1 Rxa6 25. a3 Ng3+ 26. Kh2 Nxf1+ 27. Rxf1
Bh4 28. b3 dxc4 29. bxc4 Nf6 30. g3 Bxg3+ 31. Kxg3 Nh5+ 32. Kg4 Nf6+ 33. Kg3
Ne4+ 34. Kf3 f5 35. c5 Rd8 36. Re1 g5 37. h4 g4+ 38. Ke3 Nf6 39. Re2 Nd5+ 40.
Kd4 Nxf4+ 41. Ke3 Nxe2 42. Kxe2 f4 43. Kf2 g6 44. c6 Rxc6 45. a4 Rb6 46. Be7
Rd2+ 47. Ke1 Ra2 48. Bg5 Rb1# 0-1

[Event "AUTO-OPEN-3826"]
[Site "http://www.queenalice.com/game.php?id=1486583"]
[Date "2017.7.18"]
[Round "1"]
[White "Lopesq"]
[Black "joao37"]
[Result "1-0"]
[WhiteElo "1964"]
[BlackElo "1402"]

1. d4 d6 2. c3 e5 3. dxe5 d5 4. Bf4 Nc6 5. e3 Be6 6. Be2 Bc5 7. Nd2 Nf6 8. exf6
Qxf6 9. Ngf3 O-O 10. Bxc7 b6 11. Bg3 Rae8 12. O-O Bf5 13. Nb3 Rd8 14. Nxc5 bxc5
15. Bh4 g5 16. Bxg5 Qg6 17. Bxd8 Rxd8 18. Nh4 Qg5 19. Nxf5 Qxf5 20. Bf3 Ne5 21.
Be2 Ng4 22. Bxg4 Qg5 23. Bh3 d4 24. cxd4 cxd4 25. exd4 Qf6 26. Qg4+ Qg7 27.
Qxg7+ Kxg7 28. Rfd1 Rb8 29. b3 h5 30. d5 f6 31. d6 Kg6 32. d7 Rd8 33. Rac1 Kf7
34. Rc8 Ke7 35. Rxd8 Kxd8 36. Bf5 Ke7 37. d8=Q+ Kf7 38. Rd7# 1-0

[Event "AUTO-INT-3265"]
[Site "http://www.queenalice.com/game.php?id=1486852"]
[Date "2017.7.21"]
[Round "1"]
[White "Rod_"]
[Black "joao37"]
[Result "0-1"]
[WhiteElo "1716"]
[BlackElo "1398"]

1. d4 e6 2. e4 Nc6 3. d5 exd5 4. exd5 Nb4 5. a3 Na6 6. Be3 Bc5 7. Nc3 Nf6 8. Qf3
b6 9. Bxc5 Nxc5 10. O-O-O d6 11. Bb5+ Bd7 12. Re1+ Nfe4 13. Bxd7+ Qxd7 14. Nxe4
O-O 15. Nh3 Rae8 16. Nxc5 dxc5 17. Rxe8 Qxe8 18. Qd3 b5 19. Ng5 g6 20. Kd1 c4
21. Qd4 Qd7 22. Re1 h5 23. Qc5 Qg4+ 24. Nf3 Qxg2 25. Ne5 Re8 26. Nd7 Qg4+ 27.
Kd2 Qg5+ 28. Kc3 Rxe1 29. Qf8+ Kh7 30. Qxf7+ Kh6 31. Nf6 Qe5+ 32. Kb4 Qxb2+ 33.
Ka5 Qxa3+ 34. Kxb5 Qb2+ 35. Kc6 Qb6+ 36. Kd7 Qd6+ 37. Kc8 Qa6+ 38. Kxc7 Qa5+ 39.
Kd7 Qb5+ 40. Kd6 Qb6+ 41. Kd7 Qb7+ 0-1

[Event "AUTO-INT-3265"]
[Site "http://www.queenalice.com/game.php?id=1486853"]
[Date "2017.7.21"]
[Round "1"]
[White "joao37"]
[Black "Rod_"]
[Result "0-1"]
[WhiteElo "1427"]
[BlackElo "1687"]

1. e4 e5 2. Nf3 d6 3. Bd3 Bg4 4. O-O Qf6 5. Be2 Bxf3 6. Bxf3 g6 7. Nc3 c6 8. d3
h5 9. Be3 Bh6 10. Qe2 Bxe3 11. Qxe3 h4 12. h3 Ne7 13. Na4 b5 14. Nc3 Na6 15.
Rad1 Nb4 16. Rc1 g5 17. Bg4 Ng6 18. a3 Na6 19. Qf3 Nf4 20. Ne2 Qh6 21. Nxf4 gxf4
22. c4 Nc5 23. Qd1 Ne6 24. cxb5 cxb5 25. Qc2 Kd7 26. Qc6+ Ke7 27. Qb7+ Kf6 28.
Qd5 Nd4 29. Qxd6+ Ne6 30. Rc7 Qf8 31. Rxf7+ Qxf7 32. d4 Rhd8 33. Qb4 Nxd4 34.
Qc5 a6 35. Qb6+ Kg5 36. Rd1 Ne2+ 37. Kf1 Rxd1+ 38. Kxe2 Rd4 39. Qc5 Qc4+ 40.
Qxc4 bxc4 41. f3 Rb8 42. g3 hxg3 43. Bf5 Rxb2+ 44. Kf1 Rd1# 0-1

[Event "AUTO-INT-3265"]
[Site "http://www.queenalice.com/game.php?id=1486864"]
[Date "2017.7.21"]
[Round "1"]
[White "od_xavier"]
[Black "joao37"]
[Result "1-0"]
[WhiteElo "1477"]
[BlackElo "1409"]

1. e4 e5 2. Nf3 d6 3. Bc4 c6 4. O-O d5 5. exd5 cxd5 6. Bb3 Nc6 7. c3 Na5 8. Bc2
Bd6 9. Re1 e4 10. d3 Ne7 11. dxe4 Qb6 12. exd5 O-O 13. b3 Bc5 14. Be3 Nc4 15.
bxc4 Bf5 16. Bxc5 Qb2 17. Nbd2 Qxc3 18. Bxf5 Rfe8 19. Bxe7 a6 20. Rb1 Qa5 21.
Rxb7 Qxa2 22. d6 Qa5 23. Re5 Qc3 24. d7 Rxe7 25. Rxe7 g6 26. Re8+ Rxe8 27.
dxe8=Q+ Kg7 28. Qxf7+ Kh6 29. Bxg6 Qxf3 30. Qxh7+ 1-0

[Event "AUTO-INT-3265"]
[Site "http://www.queenalice.com/game.php?id=1486865"]
[Date "2017.7.21"]
[Round "1"]
[White "joao37"]
[Black "od_xavier"]
[Result "1-0"]
[WhiteElo "1382"]
[BlackElo "1480"]

1. e4 e5 2. d3 Nf6 3. Nf3 d6 4. Be2 Be7 5. d4 O-O 6. O-O h6 7. d5 Bg4 8. Nh4
Bxe2 9. Qxe2 c6 10. Nc3 Nbd7 11. Qe3 cxd5 12. Nf5 d4 13. Qg3 g6 14. Nxh6+ Kh7
15. Qh3 Nh5 16. Qf3 dxc3 17. Nf5 cxb2 18. Bxb2 Nf4 19. Bc1 gxf5 20. exf5 Rg8 21.
Bxf4 Nf6 22. Qh3+ Kg7 23. Qh6# 1-0

[Event "AUTO-INT-3265"]
[Site "http://www.queenalice.com/game.php?id=1486872"]
[Date "2017.7.21"]
[Round "1"]
[White "joao37"]
[Black "qxr"]
[Result "1-0"]
[WhiteElo "1386"]
[BlackElo "1601"]

1. b3 d5 2. d3 Nc6 3. e4 dxe4 4. Be2 exd3 5. cxd3 Nf6 6. Nf3 e5 7. O-O Be7 8.
Bg5 Nd5 9. Bxe7 Qxe7 10. Qd2 h6 11. a4 Be6 12. Nc3 Ndb4 13. Ne4 O-O-O 14. Qe3
Nc2 15. Qc5 Qxc5 16. Nxc5 Nxa1 17. Nxe6 fxe6 18. Rxa1 Nd4 19. Bd1 Nxf3+ 20. Bxf3
Rxd3 21. b4 Rhd8 22. h3 R8d4 23. Bg4 Kd7 24. b5 e4 25. Kh2 Rd2 26. h4 Rxf2 27.
a5 e3 28. a6 b6 29. Kg3 Rfd2 30. Rf1 Ke7 31. Bh5 Rb4 32. Bf3 Rxb5 33. Re1 Rb3
34. Kf4 Rb4+ 35. Kxe3 Rdb2 36. Kd3 R4b3+ 37. Ke4 Rb1 38. Rxb1 Ra3 39. Rd1 Rxa6
40. Bg4 Ra4+ 41. Rd4 Ra2 42. Bh3 a5 43. Ke5 Re2+ 44. Re4 Rxe4+ 45. Kxe4 c5 46.
Ke5 a4 47. Bxe6 b5 48. Bd5 c4 49. Kd4 Kd6 50. Bxc4 Kc6 51. Ba2 Kb6 52. g4 Ka5
53. Kc5 b4 54. Kc4 g6 55. g5 hxg5 56. hxg5 b3 57. Bb1 b2 58. Bxg6 1-0

[Event "AUTO-INT-3265"]
[Site "http://www.queenalice.com/game.php?id=1486873"]
[Date "2017.7.21"]
[Round "1"]
[White "qxr"]
[Black "joao37"]
[Result "1-0"]
[WhiteElo "1561"]
[BlackElo "1419"]

1. d4 d6 2. Nf3 e6 3. c4 Nc6 4. e3 Be7 5. Be2 Bf6 6. O-O Nh6 7. Nc3 O-O 8. e4
Nb4 9. a3 Na6 10. Bxh6 d5 11. Be3 c6 12. b3 b5 13. cxb5 cxb5 14. h3 b4 15. axb4
Nxb4 16. Ra4 Be7 17. Nd2 Bd7 18. Ra1 dxe4 19. Ncxe4 Nd5 20. Nc4 Bb5 21. Bd2 Bb4
22. Bxb4 Nxb4 23. Qc1 Qxd4 24. Ned6 Bc6 25. Rd1 Qh4 26. Ne3 Be4 27. Nxe4 Qxe4
28. Bf3 Nd3 29. Bxe4 Nxc1 30. Bxa8 Nxb3 31. Rab1 Rxa8 32. Rxb3 a5 33. Rdb1 h5
34. Rb8+ Rxb8 35. Rxb8+ Kh7 36. Ra8 f5 37. Rxa5 f4 38. Nc4 Kh6 39. Re5 Kg6 40.
Rxe6+ Kf5 41. Re8 g6 42. Rg8 g5 43. Nd6+ Kf6 44. Ne4+ Kf7 45. Rxg5 1-0

[Event "Let's Play Chess!"]
[Site "http://www.queenalice.com/game.php?id=1491945"]
[Date "2017.8.28"]
[Round "-"]
[White "joao37"]
[Black "attib"]
[Result "1-0"]
[WhiteElo "1409"]
[BlackElo "1108"]

1. e4 e5 2. d3 Nc6 3. c3 d6 4. Be2 Nf6 5. Bf3 Be6 6. Ne2 Be7 7. Ng3 g6 8. Bg5
Qd7 9. Bh6 O-O-O 10. O-O d5 11. Na3 d4 12. c4 Nb4 13. Nb5 a6 14. a3 Nc6 15. Qa4
Nb8 16. Na7# 1-0

[Event "Let's Play Chess!"]
[Site "http://www.queenalice.com/game.php?id=1491960"]
[Date "2017.8.28"]
[Round "-"]
[White "joao37"]
[Black "ketchuplover"]
[Result "0-1"]
[WhiteElo "1411"]
[BlackElo "1758"]

1. d4 Nf6 2. Nc3 d5 3. e3 Bf5 4. Bd3 a6 5. Bxf5 e6 6. Bd3 Bd6 7. Nf3 Nbd7 8. O-O
O-O 9. Ng5 h6 10. Nge4 dxe4 11. Nxe4 Nxe4 12. Bxe4 f5 13. Bxb7 Ra7 14. Bf3 c5
15. d5 e5 16. e4 fxe4 17. Bxe4 Nf6 18. Bg6 Nh7 19. Qd3 Nf6 20. Bxh6 gxh6 21. Qg3
Rg7 22. a3 e4 23. Qg4 Nxg4 24. Bxe4 Bxh2+ 25. Kh1 Qh4 26. d6 Bg1+ 27. Kxg1 Qh2#
0-1

[Event "Let's Play Chess!"]
[Site "http://www.queenalice.com/game.php?id=1496214"]
[Date "2017.9.25"]
[Round "-"]
[White "joao37"]
[Black "charles31"]
[Result "0-1"]
[WhiteElo "1429"]
[BlackElo "1762"]

1. d4 d5 2. Nc3 e6 3. e3 Nf6 4. Qf3 a6 5. Qf4 Bd6 6. Qg5 O-O 7. Nf3 h6 8. Qxf6
Qxf6 9. Be2 Nc6 10. O-O Nb4 11. Bd1 Bd7 12. a4 b5 13. axb5 axb5 14. Rxa8 Rxa8
15. b3 Ra1 16. Bb2 Ra7 17. Ne5 Bxe5 18. dxe5 Qxe5 19. Re1 Na2 20. Nxb5 Qxb2 21.
Nxa7 Nc3 0-1

[Event "Let's Play Chess!"]
[Site "http://www.queenalice.com/game.php?id=1504232"]
[Date "2017.11.19"]
[Round "-"]
[White "Rider"]
[Black "joao37"]
[Result "1-0"]
[WhiteElo "1624"]
[BlackElo "1439"]

1. e4 e5 2. d4 d6 3. dxe5 Nc6 4. exd6 Bxd6 5. Nf3 Ne5 6. Nd4 Bd7 7. Be2 Ne7 8.
Be3 O-O 9. O-O c5 10. Nb5 Bb8 11. Bxc5 b6 12. Bd4 N7c6 13. Be3 a6 14. N5c3 Qe7
15. Bxb6 Bg4 16. f4 Bxe2 17. Qxe2 Ba7 18. Bxa7 Qxa7+ 19. Kh1 Nd4 20. Qf2 Ng4 21.
Qg3 Qd7 22. Na3 Rad8 23. h3 Nf6 24. Rad1 Nxe4 25. Qe3 Rfe8 26. Nxe4 Nf5 27. Qe1
Qc7 28. Rxd8 Rxd8 29. g4 Nd4 30. c3 Nb5 31. Nc2 Qc4 32. Rf2 Rd3 33. b3 Qc6 34.
Nb4 Rxh3+ 35. Kg2 Qh6 36. g5 Rh2+ 37. Kf3 Qh3+ 38. Ng3 Rh1 39. Qxh1 Qxh1+ 40.
Nxh1 Nxc3 41. Rc2 f6 42. Rxc3 f5 43. Nxa6 h6 44. g6 Kf8 45. Ng3 Ke7 46. Nxf5+
Kf6 47. Nh4 h5 48. Rc6+ Ke7 49. f5 Kd7 50. Rc7+ Kd6 51. Rxg7 Kd5 52. Re7 Kc6 53.
Nb8+ Kd6 54. Re1 Kc7 55. Na6+ Kb7 56. Nc5+ Kb6 57. Na4+ Kb5 58. Re4 Ka5 59. g7
Ka6 60. Re5 Kb7 61. Re6 Kc7 62. g8=Q Kd7 63. Qf7+ Kd8 64. Re8# 1-0

[Event "Let's Play Chess!"]
[Site "http://www.queenalice.com/game.php?id=1504238"]
[Date "2017.11.19"]
[Round "-"]
[White "Rider"]
[Black "joao37"]
[Result "1-0"]
[WhiteElo "1627"]
[BlackElo "1448"]

1. d4 d5 2. e3 e6 3. Nf3 Bd6 4. Nc3 Nf6 5. Qd3 O-O 6. Bd2 Nc6 7. Nb5 Ne4 8. Nxd6
Qxd6 9. c4 Nb4 10. Qb1 Nxd2 11. Nxd2 Qc6 12. c5 b6 13. cxb6 axb6 14. Kd1 Ba6 15.
a3 Nc2 16. Qxc2 Qxc2+ 17. Kxc2 c5 18. dxc5 Rac8 19. Bxa6 Rxc5+ 20. Kd3 e5 21. b4
Rc6 22. Bb7 Rc7 23. Bxd5 Rd7 24. e4 Kh8 25. Nc4 b5 26. Nb6 Rc7 27. Rhc1 Rxc1 28.
Rxc1 f5 29. Rc8 Rxc8 30. Nxc8 g6 31. exf5 gxf5 32. Nd6 Kg7 33. Nxf5+ Kf6 34. Ne3
h6 35. h3 Kg5 36. Ng4 Kf5 37. Nxh6+ Kf4 38. g3+ Kg5 39. Nf7+ Kf6 40. f3 Kf5 41.
g4+ Kf4 42. Bc6 Kg3 43. Nxe5 Kxh3 44. Bxb5 Kg3 45. g5 Kh4 46. g6 Kh5 47. g7 Kh6
48. g8=Q Kh5 49. Qg6+ Kh4 50. Qg4# 1-0

[Event "AUTO-INT-3265"]
[Site "http://www.queenalice.com/game.php?id=1505660"]
[Date "2017.11.25"]
[Round "2"]
[White "SohWhardego"]
[Black "joao37"]
[Result "1-0"]
[WhiteElo "1752"]
[BlackElo "1452"]

1. e4 d5 2. Nc3 e6 3. d4 Nf6 4. Bb5+ c6 5. Bd3 Bd6 6. Nf3 dxe4 7. Nxe4 Nxe4 8.
Bxe4 O-O 9. O-O b5 10. Ng5 Bb7 11. Bxh7+ Kh8 12. Qh5 g6 13. Bxg6+ Kg7 14. Qh7+
Kf6 15. Ne4+ Ke7 16. Bg5+ Ke8 17. Bxd8 fxg6 18. Bg5 Be7 19. Qxe7# 1-0

[Event "AUTO-INT-3265"]
[Site "http://www.queenalice.com/game.php?id=1505661"]
[Date "2017.11.25"]
[Round "2"]
[White "joao37"]
[Black "SohWhardego"]
[Result "0-1"]
[WhiteElo "1418"]
[BlackElo "1725"]

1. d4 Nf6 2. Nc3 d5 3. e3 Bg4 4. Be2 Qd7 5. Bxg4 Nxg4 6. Qe2 Nc6 7. Qf3 e5 8.
Nh3 e4 9. Nxe4 Bb4+ 10. Nc3 O-O-O 11. a3 Ba5 12. O-O a6 13. Nxd5 Qxd5 14. Qxg4+
Kb8 15. b4 f5 16. Qxg7 Nxd4 17. Nf4 Rdg8 18. Qxh8 Ne2+ 19. Kh1 Nxf4 20. Qxg8+
Qxg8 21. exf4 Bb6 22. Be3 Qc4 23. Bxb6 cxb6 24. Rad1 Qxf4 25. Rd8+ Kc7 26. Rfd1
Qxf2 27. R8d7+ Kc6 28. R1d6+ Kb5 29. Rd5+ Ka4 30. Rd1 Qxc2 31. R7d2 Qe4 32. Rd4
Qe3 33. Rd5 Qb3 34. R5d3 Qc2 35. Rd4 Kxa3 36. R1d3+ Ka4 37. Rd1 f4 38. R4d2 Qe4
39. Rd4 Qe2 40. Ra1+ Kb5 41. Rb1 f3 42. Rd5+ Kc4 43. Rg5 f2 44. Rg4+ Qxg4 0-1

[Event "AUTO-INT-3265"]
[Site "http://www.queenalice.com/game.php?id=1505666"]
[Date "2017.11.25"]
[Round "2"]
[White "od_xavier"]
[Black "joao37"]
[Result "1-0"]
[WhiteElo "1538"]
[BlackElo "1430"]

1. e4 d5 2. exd5 Nf6 3. c4 c6 4. d4 cxd5 5. c5 Na6 6. f3 Bf5 7. Nc3 Qa5 8. Bxa6
Qxa6 9. Qb3 e6 10. Nge2 Be7 11. Be3 O-O 12. O-O Bd3 13. Rae1 Rac8 14. Rf2 Nh5
15. g4 Bh4 16. gxh5 Bxf2+ 17. Bxf2 b6 18. cxb6 Qxb6 19. Qxb6 axb6 20. Be3 f5 21.
Nf4 Rc6 22. Nxd3 g6 23. hxg6 hxg6 24. Ne5 Rc7 25. Kf2 Rh7 26. Kg3 Rh5 27. Nxg6
Rf6 28. Ne5 f4+ 29. Bxf4 Rh7 30. Be3 Rg7+ 31. Kf2 Rh7 32. Kg2 Rg7+ 33. Kh1 Rf5
34. f4 Rh5 35. b4 Rgh7 36. Ng4 Rh4 37. Nf6+ Kg7 38. Nxh7 Rxh7 39. Rg1+ Kh8 40.
a4 Rh3 41. Rg3 Rh5 42. Nb5 Kh7 43. Nc7 Rh6 44. f5 1-0

[Event "AUTO-INT-3265"]
[Site "http://www.queenalice.com/game.php?id=1505667"]
[Date "2017.11.25"]
[Round "2"]
[White "joao37"]
[Black "od_xavier"]
[Result "1-0"]
[WhiteElo "1426"]
[BlackElo "1671"]

1. d4 g6 2. Nf3 Bg7 3. e3 e6 4. Be2 b6 5. O-O f6 6. Nc3 c6 7. Qd3 Ne7 8. e4 Bb7
9. a4 O-O 10. d5 exd5 11. Bd2 f5 12. exd5 Nxd5 13. Bg5 Qc7 14. Nxd5 cxd5 15. Nd4
Re8 16. Rae1 Nc6 17. Nb5 Qe5 18. Bf3 Qxb2 19. Qxd5+ Kh8 20. Qxd7 Rab8 21. Rxe8+
Bf8 22. Rxb8 Ne5 23. Rxf8# 1-0